000 00592nas a2200205 a 4500
001 000037306
003 DO-SdBNP
005 20230509110225.0
008 120323c20089999dr ar1p dd 0 0spa d
040 _aDO-SdBNP
_bspa
_cBNPHU
043 _anwdr
110 2 _aAsociación Dominicana de Rehabilitación (ADR)
_963754
245 1 0 _aMemoria anual 2007.
260 _aSanto Domingo :
_bAsociación Dominicana de Rehabilitación (ADR),
_c2008-.
300 _av.- :
_bil. ;
_c29 cm.
310 _aAnual
362 1 _a24 de abril 2008
500 _aTítulo de la cubierta
942 _2ddc
_cLBS1
999 _c36796
_d36796